000 01408cam a2200349 a 4500
001 EDZ0000067585
003 StDuBDS
005 20161031105206.0
006 m||||||||d||||||||
007 cr |||||||||||
008 120405s2005 enk fo| 001|0|eng d
020 _a9781446217405 (ebook) :
_cNo price
040 _aStDuBDS
_beng
_cStDuBDS
_epn
049 _aAlfaisal Main Library
050 0 _aHM646
_b.J46 2005
082 0 4 _a306.1
_223
100 1 _aJenks, Chris.
245 1 0 _aSubculture
_h[electronic resource] :
_bthe fragmentation of the social /
_cChris Jenks.
260 _aLondon :
_bSAGE,
_c2005.
300 _a1 online resource (x, 158 p.)
504 _aIncludes bibliographical references and index.
520 8 _aTracing subculture back to its foundations in the works of Tonnies and Durkheim and, to a lesser extent, Marx and Weber this work provides an analysis of subculture in American urban sociology and criminology, through the traditions of the Chicago School and structural functionalism.
521 _aSpecialized.
588 _aDescription based on print version record.
650 0 _aSubculture.
650 0 _aSubculture
_zUnited States.
655 7 _aElectronic books.
_2local
710 2 _aSage eBooks
776 0 8 _iPrint version :
_z9780761953715
856 4 0 _uhttp://ezproxy.alfaisal.edu/login?url=http://sk.sagepub.com/books/subculture
942 _2lcc
_cEBOOKS
999 _c481350
_d481350